غا لب کے خطو ط(جلد سو م ) (Record no. 165890)

MARC details
000 -LEADER
fixed length control field 00772nam a22002417a 4500
005 - DATE AND TIME OF LATEST TRANSACTION
control field 20190704120357.0
010 ## - LCCN (DPL NO)
LC control number A-318574
020 ## - INTERNATIONAL STANDARD BOOK NUMBER
International Standard Book Number -
Terms of availability 75.00
035 ## - SYSTEM CONTROL NUMBER
System control number A-318574
037 ## - SOURCE OF ACQUISITION
Source of stock number/acquisition BPPD/Ven.
Stock number dpl
082 ## - DEWEY DECIMAL CLASSIFICATION NUMBER
Classification number 846
100 ## - MAIN ENTRY--PERSONAL NAME
Personal name مر تبہ :خليق ا نجم
245 ## - TITLE STATEMENT
Title غا لب کے خطو ط(جلد سو م )
Statement of responsibility, etc مر تبہ :خليق ا نجم
Medium Urdu
246 ## - VARYING FORM OF TITLE
Title proper/short title ghalib ke Khatoot (Urdu)
Remainder of title Ed.by Khalique Anjum
250 ## - EDITION STATEMENT
Edition statement 1987
260 ## - PUBLICATION, DISTRIBUTION, ETC. (IMPRINT)
Place of publication, distribution, etc N.Delhi -2
Name of publisher, distributor, etc Ghalib Institute
270 ## - ADDRESS
Address Evane Ghalib Marg,
300 ## - PHYSICAL DESCRIPTION
Extent 424ص
Dimensions 22cm(Hbk)
490 ## - SERIES STATEMENT
Series statement Jaico illustrated classics series
942 ## - ADDED ENTRY ELEMENTS (KOHA)
Source of classification or shelving scheme Dewey Decimal Classification
Item type Urdu Bks
Call number suffix غ ا ل
Classification part 846
Holdings
Withdrawn status Lost status Not for loan Collection code Home library Current library Date acquired Source of acquisition Cost, normal purchase price Full call number Barcode Copy number Cost, replacement price Koha item type
    Ordered Non-fiction Central Library Central Library 04/07/2019 BPPD/Ven. 75.00 846 غ ا ل A-318574 1 75.00 Urdu Bks

© Delhi Public Library
Hit Counter
free hit counter